Silhouettes: Disney Villains Quiz Stats

Quiz Updated Oct 5, 2017

Challenge
Share
Tweet
Score 0/15 Timer 02:00
5 Plays Today
% Correct
Ursula
95.6%
Captain Hook
95.4%
Maleficent
95.1%
Scar
94.8%
Queen of Hearts
94.5%
Jafar
92.9%
Gaston
91.6%
Dr. Facilier
88.2%
% Correct
Lady Tremaine
87.9%
Yzma
85.6%
Shere Khan
85%
Governor Ratcliffe
84.9%
Shan Yu
84.1%
Hades
82.1%
Cruella de Vil
79.5%

You're not logged in!

Compare scores with friends on all Sporcle quizzes.
Sign Up with Email
OR
Log In

You Might Also Like...

Show Comments

Extras

Top Quizzes Today


Score Distribution

Your Account Isn't Verified!

In order to create a playlist on Sporcle, you need to verify the email address you used during registration. Go to your Sporcle Settings to finish the process.

Report this User

Report this user for behavior that violates our Community Guidelines.

Details: